00506 2200205 4500001002100000008004100021035002000062245006900082100001700151250000600168260003200174300001100206084001400217082000800231650001300239990001200252990001200264990001200276990001200288INLIS000000000000648 ind  a0010-0424000624 aNama-Nama Besar; Kunci Alam Semesta Albert CinsteincLiu Si Yuan aSi Yuan, Liu a1 aBandung :bPakar Rayac2007 a30 hlm a600 LIU n a600 aNonfiksi a0721646 a0721647 a0721648 a0721649